| 000 | 00885cab a2200241 4500 | ||
|---|---|---|---|
| 001 | ABS42625 | ||
| 008 | 090401t1990 xxu||||| |||| 00| 0 eng d | ||
| 035 | _a(Sirsi) u37926 | ||
| 041 | _aeng | ||
| 100 | _aPhipps, M. | ||
| 245 | _aEmpty claims do no service to management contracting | ||
| 260 | _c1990 | ||
| 350 | _a0 | ||
| 490 |
_aBuilding _v255(7645) 27 April 1990, 45(1) |
||
| 520 | _aThe JCT Management Contract 1987 has not answered all the problems for those involved in management contracting . This article looks at some of the contract`s virtues, and suggests refinements which could make it more effective. | ||
| 650 | _aACCELERATION | ||
| 650 | _aBUILT ENVIRONMENT-BUILDING CONTRACT FORMS | ||
| 650 |
_aCONSTRUCTION MANAGEMENT _96230 |
||
| 650 | _aProcurement-old | ||
| 690 | _aBUILT ENVIRONMENT-BUILDING CONTRACT FORMS | ||
| 942 | _n0 | ||
| 948 | _c04/03/1997 | ||
| 999 |
_c24386 _d24386 |
||